Contos do Mago (Registo nº 4150)
[ vista simples ]
| 000 -Etiqueta do registo | |
|---|---|
| Cabeçalho | 00747nam0a2200241 4500 |
| 005 - Identificador da versão | |
| Campo de controlo | 20240813122054.0 |
| 010 ## - Número internacional normalizado dos livros (ISBN) | |
| Número (ISBN) | 9789899617209 |
| 021 ## - Número do Depósito Legal | |
| Código do país | PT |
| Número | 293809/09 |
| 100 ## - Dados gerais de processamento | |
| Dados gerais de processamento | 20190603d2009 a y0pory5003 ba |
| 102 ## - Pais de publicação ou produção | |
| País de publicação | Portugal |
| 101 0# - Língua de publicação | |
| Língua do texto, banda sonora, etc. | Português |
| 215 ## - Descrição física | |
| Indicação específica da natureza do documento e extensão da espécie | 213, [12] p. |
| Outras indicações físicas | il. color |
| Material acompanhante | 1 CD |
| 200 1# - Titulo e menção de responsabilidade | |
| Título próprio | Contos do Mago |
| Informação de outro título | narrativas e percursos geológicos |
| Primeira menção de responsabilidade | texto e ilustração de Helena Tapadinhas |
| 210 ## - Publicação, Distribuição, etc. | |
| Lugar da edição, distribuição, etc. | [Faro] |
| Nome do editor, distribuidor, etc. | Direcção Regional de Educação do Algarve |
| Data da publicação, distribuição, etc. | 2009 |
| 675 ## - Classificação Decimal Universal (CDU) | |
| Notação | 821.134.3-34 |
| Edição | 3ª ed. |
| Língua da edição | por |
| Notação | 793 |
| Edição | 3ª ed. |
| Língua da edição | por |
| 702 #1 - Nome de autor-pessoa física (responsabilidade secundária) | |
| Número de registo de entrada de autoridade | 0001249 |
| Palavra de ordem | Tapadinhas |
| Outra parte do nome não tomada para palavra de ordem | Helena |
| Código de função | Ilustrador / Técnico de desenho computorizado |
| 700 #1 - Nome de autor-pessoa física (responsabilidade principal) | |
| Número de registo de entrada de autoridade | 0001249 |
| Palavra de ordem | Tapadinhas |
| Outra parte do nome não tomada para palavra de ordem | Helena |
| 966 ## - Identificação da Biblioteca | |
| Sigla | EBVEN |
| 942 ## - Elementos de entrada adicionados (Koha) | |
| Tipo de item no Koha | Livro |
| Situação do levantamento | Origin of item (home branch) (coded) | Biblioteca de empréstimo | Código de barras | Cota | Circulation type (not for loan) | Tipo de documento | Nota do exemplar | Damaged status |
|---|---|---|---|---|---|---|---|---|
| Biblioteca Escolar das Vendas | Biblioteca Escolar das Vendas | BEV2081 | 8POR TAP | Livro | Sem mensagem |
